Química la ciencia central / (Record no. 21377)

000 -CABECERA
fixed length control field 01644nam a22002537a 4500
003 - IDENTIFICADOR DEL NÚMERO DE CONTROL
control field AR-CdUCM
008 - DATOS DE LONGITUD FIJA--INFORMACIÓN GENERAL
fixed length control field 190319b ||||| |||| 00| 0 spa d
020 ## - NÚMERO INTERNACIONAL ESTÁNDAR DEL LIBRO
ISBN 9786073222372
040 ## - FUENTE DE LA CATALOGACIÓN
Agencia/entidad que catalogó originalmente la obra MUNICIPALIDAD PROVINCIAL DEL CUSCO
Entidad que transcribió la catalogación BIBLIOTECA MUNICIPAL DEL CUSCO
082 ## - NÚMERO DE LA CLASIFICACIÓN DECIMAL DEWEY
No. de Clasificación 541/B26
Notacion interna B26
No. de la edición Decimosegunda
100 ## - ENTRADA PRINCIPAL--NOMBRE DE PERSONA
Nombre Personal Brown, Theodore L
245 ## - MENCIÓN DE TÍTULO
Título Química la ciencia central /
260 ## - PUBLICACIÓN, DISTRIBUCIÓN, ETC.
Lugar de publicación, distribución, etc. México ;
Nombre de la editorial, distribuidor, etc. Pearson,
Fecha de publicación, distribución, etc. 2014.
300 ## - DESCRIPCIÓN FÍSICA
Nº de Páginas Extensión 1200 Páginas. :
Otros detalles físicos ilustraciones en color ;
Dimensiones 21.5 x 27.5 cm.
505 ## - NOTA DE CONTENIDO CON FORMATO
Nota de contenido formateada Contenido: Introducción Materia y Medición -- Átomos moléculas y Iones -- Estequiometría cálculos con fórmulas y ecuaciones químicas -- Reacciones en disoluciones acuosas -- Termoquímica -- Estructura electrónica de los átomos -- Propiedades periódicas de los elementos -- Conceptos básicos de los enlaces químicos -- Geometría molecular y teorías de enlaces -- Gases -- Líquidos y fuerzas intermoleculares -- Sólidos y nuevos materiales -- Propiedades de la disolución -- Cinética Química -- Equilibrio químico -- Equilibrios ácidos base -- Aspectos adicionales del equilibrio acuoso -- Química del medio ambiente -- Termo dinámica Química -- Electroquímica -- Química nuclear -- Química de los no metales -- Metales de transición y la Química de coordinación -- La Química de la vida Química orgánica y Biología.
650 ## - PUNTO DE ACCESO ADICIONAL DE MATERIA--TÉRMINO DE MATERIA
Descriptor Química
9 (RLIN) 4512
650 ## - PUNTO DE ACCESO ADICIONAL DE MATERIA--TÉRMINO DE MATERIA
Descriptor Ciencia
9 (RLIN) 2098
650 ## - PUNTO DE ACCESO ADICIONAL DE MATERIA--TÉRMINO DE MATERIA
Descriptor Química nuclear
9 (RLIN) 44591
650 ## - PUNTO DE ACCESO ADICIONAL DE MATERIA--TÉRMINO DE MATERIA
Descriptor Química del medio ambiente
9 (RLIN) 44592
700 ## - PUNTO DE ACCESO ADICIONAL--NOMBRE DE PERSONA
Nombre Personal H. Eugene Lemay
9 (RLIN) 44593
700 ## - PUNTO DE ACCESO ADICIONAL--NOMBRE DE PERSONA
Nombre Personal Catherine J. Murphy
9 (RLIN) 44594
942 ## - ELEMENTOS DE PUNTO DE ACCESO ADICIONAL (KOHA)
Fuente de clasificación
Tipo de item Libros-BMC
945 ## - PROCESAMIENTO DE INFORMACIÓN LOCAL (OCLC)
Catalogador Roel
Holdings
Estado de retiro (separado) Fuente de clasificación o esquema de estanterías Estado dañado Ubicación Sala donde se ubica Nombre de la colección Fecha de adquisición o compra Fuente de adquisición Costo, precio normal en soles Signatura topográfica Código de Barras Última vez visto (Koha) Tipo de ítem (Koha)
No     Sala Ciencias Sala Ciencias Book Cart 2020-03-04 Compra 50.00 541/B26 SC0000002199 2020-03-04 Libros-BMC
No     Sala Ciencias Sala Ciencias Book Cart 2020-03-04 Compra 50.00 541/B26/e.2 SC0000002200 2020-03-04 Libros-BMC

Powered by Koha